Código Procesal Penal: edición oficial, aprobada por Decreto Exento Nº 5362, de 15 de noviembre de 2012, del Ministerio de Justicia
محفوظ في:
| مؤلف مشترك: | |
|---|---|
| التنسيق: | كتاب |
| اللغة: | الإسبانية |
| منشور في: |
Santiago, Chile:
Jurídica,
2014
|
| الطبعة: | Octava Edición. |
| الموضوعات: | |
| الوسوم: |
إضافة وسم
لا توجد وسوم, كن أول من يضع وسما على هذه التسجيلة!
|
MARC
| LEADER | 00000cam a2200000 a 4500 | ||
|---|---|---|---|
| 001 | UCE2517 | ||
| 003 | CL-VaPUC | ||
| 005 | 20241002143317.0 | ||
| 008 | 140710e20140500cl |||||||||||||||||spa|d | ||
| 999 | |c 356107 |d 356105 | ||
| 020 | |a 9789561022881 | ||
| 040 | |c Pontificia Universidad Católica de Valparaíso | ||
| 082 | 0 | 4 | |a 345.8305 CHI 2014 |2 21 |
| 110 | 1 | |a Chile |9 890760 | |
| 245 | 1 | 0 | |a Código Procesal Penal: edición oficial, aprobada por Decreto Exento Nº 5362, de 15 de noviembre de 2012, del Ministerio de Justicia |
| 250 | |a Octava Edición. |b Actualizada al 25 de abril de 2014. | ||
| 260 | |a Santiago, Chile: |b Jurídica, |c 2014 | ||
| 300 | |a 349 páginas | ||
| 505 | |a Mensaje del Ejecutivo. -Libro Primero. Disposiciones Generales. -Libro Segundo. Procedimiento Ordinario. -Libro Tercero. Recursos. -Libro Cuarto. Procedimientos Especiales y Ejecución. Apéndice: -Ley N.º 19.640. Establece la Ley Orgánica Constitucional del Ministerio Público. -Ley N.º 19.718. Crea la Defensoría Penal Pública. -Ley N.º 20.065, de 21 de octubre de 2005. Modernización, regulación orgánica y planta del personal del Servicio Médico Legal. -Ley N.º 20.393. Responsabilidad penal de personas jurídicas en los delitos de lavado de activos, financiamiento del terrorismo y delitos de cohecho. -Ley N.º 20.593, de 22 de junio de 2012. Crea el Registro Nacional de Prófugos de la Justicia. | ||
| 583 | |a last modification |c 20140710 11:54:00 |k Rodrigo Vera | ||
| 650 | 0 | |a Derecho penal chileno |9 891921 | |
| 650 | 0 | |a Derecho procesal penal |9 256392 | |
| 650 | 0 | |a Código procesal penal |9 432657 | |
| 650 | 0 | |a Jurisprudencia procesal |9 254972 | |
| 942 | |c BK |2 ddc | ||
| 945 | |d 20140710 11:54:00 |a dcastane | ||
| 952 | |0 0 |1 0 |3 erb |4 0 |6 345_830500000000000_CHI_2014 |7 0 |8 R |9 463234 |a BIBDER |b BIBDER |i 5088275 |l 23 |o 345.8305 CHI 2014 |p 5088275 |r 2024-03-12 |s 2024-03-12 |w 2019-11-23 |y BK_R |z Catalogado en:20140710 |k DER | ||
| 952 | |0 0 |1 0 |3 erb |4 0 |6 345_830500000000000_CHI_2014 |7 0 |8 R |9 463235 |a BIBDER |b BIBDER |i 5088283 |l 22 |o 345.8305 CHI 2014 |p 5088283 |r 2024-03-26 |s 2024-03-26 |w 2019-11-23 |y BK_R |z Catalogado en:20140710 |k DER | ||
| 952 | |0 0 |1 0 |3 erb |4 0 |6 345_830500000000000_CHI_2014 |7 0 |8 R |9 463236 |a BIBDER |b BIBDER |i 5088291 |l 26 |o 345.8305 CHI 2014 |p 5088291 |r 2024-03-12 |s 2024-03-12 |w 2019-11-23 |y BK_R |z Catalogado en:20140710 |k DER | ||